000
00200nam a2200097Ia 4500
008
190216s9999||||xx |||||||||||||| ||und||
100
_a
Soot Hamson
245
0
_a
Vishapp
260
_b
Null
942
_c
BK
999
_c
25322
_d
25322